Statistics for Countries Completely Surrounded By Just One Country (Enclaved Countries)

Click here to take the quiz!

General Stats

  • This quiz has been taken 507 times
  • The average score is 4 of 5

Answer Stats

Hint Country % Correct
Completely surrounded countryLesotho
94%
Completely surrounded countryVatican City
93%
Completely surrounded countrySan Marino
91%
Country surrounding LesothoSouth Africa
85%
Country surrounding Vatican and San MarinoItaly
83%

Score Distribution

Percentile by Number Answered

Percent of People with Each Score

Your Score History

You have not taken this quiz